UK emissions trading scheme (Record no. 69561)

MARC details
000 -LEADER
fixed length control field 00971cam a2200205 4500
001 - CONTROL NUMBER
control field WB3807-07
008 - FIXED-LENGTH DATA ELEMENTS--GENERAL INFORMATION
fixed length control field 020221n2002 000 0 eng u
035 ## - SYSTEM CONTROL NUMBER
System control number (Sirsi) u116794
245 ## - TITLE STATEMENT
Title UK emissions trading scheme
260 ## - PUBLICATION, DISTRIBUTION, ETC.
Date of publication, distribution, etc. 2002
490 ## - SERIES STATEMENT
Series statement DEFRA News Release
Volume/sequential designation (71/02) 20 February 2002, (2)
520 ## - SUMMARY, ETC.
Summary, etc. Government to reschedule the incentive auction for entry into the UK Emissions Trading Scheme from 25 February 2002 to 11 March 2002. Decision taken in response to meetings with potential participants. The Emission Trading Scheme is introduced to reduce greenhouse gas emissions as part of the UK Climate Change Programme. For news release: http://www.defra.gov.uk/news/2002/020220a.htm
590 ## - LOCAL NOTE (RLIN)
Local note WB
650 ## - SUBJECT ADDED ENTRY--TOPICAL TERM
Topical term or geographic name entry element UK EMISSIONS TRADING SCHEME
650 ## - SUBJECT ADDED ENTRY--TOPICAL TERM
Topical term or geographic name entry element UK CLIMATE CHANGE PROGRAMME
650 ## - SUBJECT ADDED ENTRY--TOPICAL TERM
Topical term or geographic name entry element GREENHOUSE GASES
650 ## - SUBJECT ADDED ENTRY--TOPICAL TERM
Topical term or geographic name entry element EMISSIONS TRADING SCHEME
690 ## - LOCAL SUBJECT ADDED ENTRY--TOPICAL TERM (OCLC, RLIN)
Topical term or geographic name as entry element ENVIRONMENTAL AND LAND CONSULTANCY-ENVIRONMENTAL MANAGEMENT
942 ## - ADDED ENTRY ELEMENTS (KOHA)
Suppress in OPAC 0
Holdings
Withdrawn status Lost status Source of classification or shelving scheme Damaged status Not for loan Home library Current library Shelving location Date acquired Total Checkouts Full call number Barcode Date last seen Copy number Price effective from Koha item type
    Dewey Decimal Classification     London London News article 21/02/2002   WB3807-07 116794-1001 06/08/2019 1 06/08/2019 News article